000
00320nam a22001217a 4500
008
160428b xxu||||| |||| 00| 0 eng d
020
_a
9780131789739
020
_a
0131789732
041
_a
eng
080
_a
618.2
245
_a
Maternal newborn nursing:
_c
Mary Ann Hogan; Rita Glazebrook; Vera Brancato;
942
_2
udc
_c
BK
999
_c
1652
_d
1652